Premier League 2019/20 - Statystyki

Ogólne statystyki
  • Ten quiz został rozwiązany 86 razy
  • Średni wynik to 12 z 20
Statystyki odpowiedzi
Lp Drużyna/Team % Poprawnych
1 Liverpool
100%
2 Manchester City
97%
3 Manchester United
95%
4 Chelsea
93%
8 Arsenal
88%
5 Leicester City
63%
6 Tottenham Hotspur
61%
17 Aston Villa
59%
12 Everton
57%
11 Southampton
53%
14 Crystal Palace
51%
16 West Ham United
50%
20 Norwich City
47%
10 Burnley
46%
13 Newcastle United
46%
9 Sheffield United
42%
19 Watford
39%
18 Bournemouth
28%
15 Brighton & Hove Albion
28%
7 Wolverhampton Wanderers
25%
Nie znaleziono quizów pasujących do podanych kryteriów
Rozkład punktacji
Procent ludzi z każdym wynikiem
Percentyl według liczby udzielonych odpowiedzi
Twoja historia wyników
Nie rozwiązałeś tego quizu